جماعة الإخوان المسلمين في الأردن و فلسطين 1945-1970 : (رقم التسجيلة. 7830)

تفاصيل مارك
000 -LEADER
fixed length control field 00581nam a22001817a 4500
005 - DATE AND TIME OF LATEST TRANSACTION
control field 20251108164249.0
008 - FIXED-LENGTH DATA ELEMENTS--GENERAL INFORMATION
fixed length control field 250721s1991 xx 000 0 ara d
082 14 - DEWEY DECIMAL CLASSIFICATION NUMBER
Classification number 329.309565/عبي
100 1# - MAIN ENTRY--PERSONAL NAME
Personal name العبيدي، عوني جدوع
245 10 - TITLE STATEMENT
Title جماعة الإخوان المسلمين في الأردن و فلسطين 1945-1970 :
Remainder of title صفحات تاريخية /
264 1# - PRODUCTION, PUBLICATION, DISTRIBUTION, MANUFACTURE, AND COPYRIGHT NOTICE
Place of production, publication, distribution, manufacture عمان :
Name of producer, publisher, distributor, manufacturer المؤلف،
Date of production, publication, distribution, manufacture, or copyright notice 1991.
300 ## - PHYSICAL DESCRIPTION
Extent 233ص.
650 17 - SUBJECT ADDED ENTRY--TOPICAL TERM
Topical term or geographic name as entry element الإخوان المسلمون
650 17 - SUBJECT ADDED ENTRY--TOPICAL TERM
Topical term or geographic name as entry element الأردن
650 17 - SUBJECT ADDED ENTRY--TOPICAL TERM
Topical term or geographic name as entry element فلسطين
942 ## - ADDED ENTRY ELEMENTS (KOHA)
Source of classification or shelving scheme Dewey Decimal Classification
Koha item type كتب
المقتنيات
حالة السحب حالة الفقدان مصدر التصنيف حالة التلف غير قابل للإعارة المكتبة الرئيسية المكتبة الحالية موقع الرف تاريخ التزويد الرقم المتسلسل Total Checkouts رقم الإستدعاء تاريخ آخر ظهور تاريخ الفاتورة نوع المادة (كوها) الباركود
    Dewey Decimal Classification Unchecked   مكتبة الاميرة بديعة مكتبة الاميرة بديعة الإعارة 06/07/2004 2515   329.309565/عبي 28/07/2025 06/07/2004 كتب  
    Dewey Decimal Classification Unchecked   مكتبة الجويدة مكتبة الجويدة الإعارة 06/07/2004 2332   329.309565/عبي 28/07/2025 06/07/2004 كتب  
    Dewey Decimal Classification Unchecked   مكتبة النصر العامة مكتبة النصر العامة الإعارة 06/07/2004 4276   329.309565/عبي 28/07/2025 06/07/2004 كتب  
    Dewey Decimal Classification   Not For Loan مكتبة تاريخ الأردن مكتبة تاريخ الأردن لا يعار 06/11/2009 1329395   329.309565/عبي 28/07/2025 06/11/2009 كتب PLD00117498
    Dewey Decimal Classification Unchecked   مكتبة صويلح العامة مكتبة صويلح العامة الإعارة 06/07/2004 5529   329.309565/عبي 28/07/2025 06/07/2004 كتب  
    Dewey Decimal Classification Unchecked   مكتبة وادي السير العامة مكتبة وادي السير العامة الإعارة 06/07/2004 284562   329.309565/عبي 28/07/2025 06/07/2004 كتب  
    Dewey Decimal Classification Unchecked   مكتبة وادي السير العامة مكتبة وادي السير العامة الإعارة 06/07/2004 1443   329.309565/عبي 28/07/2025 06/07/2004 كتب  
Implemented & Customized by: BBB with SCIT (Smart Chains for Information Technology)

Powered by Koha